Statistics for Countries of Africa going along the Coast

Click here to take the quiz!

General Stats

  • This quiz has been taken 143 times
  • The average score is 48 of 54

Answer Stats

Country % Correct
Algeria
100%
Kenya
98%
Tanzania
98%
South Africa
98%
Somalia
98%
Mozambique
98%
Djibouti
98%
Libya
98%
Tunisia
98%
Egypt
98%
Sudan
98%
Eritrea
98%
Angola
97%
D. R. Congo
97%
Namibia
97%
Benin
94%
Ghana
94%
Nigeria
94%
Togo
94%
Gabon
94%
Equatorial Guinea
94%
Rep. of the Congo
93%
Cote d'Ivoire
93%
Morocco
92%
Mauritania
91%
Gambia
91%
Sierra Leone
91%
Liberia
91%
Cameroon
91%
Guinea
90%
Senegal
90%
Guinea-Bissau
90%
Central African
Republic
88%
Chad
88%
Mali
87%
South Sudan
87%
Niger
87%
Rwanda
86%
Burundi
85%
Ethiopia
85%
Uganda
85%
Botswana
82%
Zimbabwe
82%
Malawi
81%
Zambia
81%
Lesotho
79%
Madagascar
79%
Swaziland
79%
Burkina Faso
77%
Cape Verde
76%
Mauritius
75%
Sao Tome
and Principe
74%
Comoros
74%
Seychelles
72%

Score Distribution

Percentile by Number Answered

Percent of People with Each Score

Your Score History

You have not taken this quiz